[Event "XVI Festival Leonardo di Bona A"]
[Site "Cutro ITA"]
[Date "2010.04.29"]
[Round "6"]
[White "Neubauer, Kai"]
[Black "Scerbo, Antonio"]
[Result "0-1"]
[WhiteElo "2041"]
[BlackElo "2090"]
[PlyCount "74"]
[EventDate "2010.04.24"]

1. d4 Nf6 2. c4 g6 3. Nc3 Bg7 4. e4 d6 5. Nf3 O-O 6. Be2 e5 7. Be3 Ng4 8. Bg5
f6 9. Bc1 Nc6 10. d5 Ne7 11. h3 Nh6 12. h4 f5 13. h5 fxe4 14. Nxe4 Nhf5 15. g4
Nd4 16. Nxd4 exd4 17. Bg5 Qe8 18. Qd2 Nxd5 19. O-O-O Nf4 20. Bxf4 Qxe4 21. Bg3
Bxg4 22. Bxg4 Qxg4 23. Rdg1 Qe6 24. hxg6 Qxc4+ 25. Kb1 hxg6 26. Qg5 d3 27. Rc1
Qd4 28. Qd2 Rae8 29. Rh4 Re2 30. Rxd4 Rxd2 31. Rb4 Re8 32. Rxb7 Ree2 33. Rcxc7
Rd1+ 34. Rc1 Rde1 35. Rbc7 d2 36. Rd1 Rxd1+ 37. Kc2 Rc1+ 0-1

[Event "XVI Festival Leonardo di Bona A"]
[Site "Cutro ITA"]
[Date "2010.04.29"]
[Round "6"]
[White "Scalcione, Michelangelo"]
[Black "Fabiano, Giuseppe"]
[Result "1-0"]
[WhiteElo "2378"]
[BlackElo "2221"]
[PlyCount "89"]
[EventDate "2010.04.24"]

1. Nf3 Nf6 2. c4 e6 3. Nc3 Bb4 4. Qc2 d5 5. a3 Bxc3 6. Qxc3 O-O 7. b3 Nc6 8.
Bb2 e5 9. cxd5 Nxd5 10. Qc2 Re8 11. e4 Nf4 12. Qc3 Bg4 13. g3 Nd4 14. Nxd4 exd4
15. Qxd4 Qxd4 16. Bxd4 Rxe4+ 17. Be3 Bf3 18. Rg1 Ne6 19. Rc1 Rd8 20. Bg2 Nd4
21. Rxc7 h5 22. Rc4 Bxg2 23. Rxg2 Nf3+ 24. Ke2 Nxd2 25. Rc3 Nb1 26. Rd3 Ree8
27. a4 Rc8 28. Rg1 Nc3+ 29. Kf3 b5 30. Rc1 bxa4 31. Bxa7 g5 32. h3 Rc5 33. Rd4
Ra8 34. Rd7 g4+ 35. hxg4 hxg4+ 36. Kxg4 Ne4 37. Rd4 Nf6+ 38. Kf4 Ng4 39. Bxc5
Ne5 40. Kxe5 Re8+ 41. Kf4 Re2 42. Rdc4 Rxf2+ 43. Ke3 Rg2 44. Rb4 Kg7 45. Rb5
1-0

[Event "XVI Festival Leonardo di Bona A"]
[Site "Cutro ITA"]
[Date "2010.04.30"]
[Round "7"]
[White "Blasco, Domenico"]
[Black "Neubauer, Kai"]
[Result "1-0"]
[WhiteElo "1961"]
[BlackElo "2041"]
[PlyCount "89"]
[EventDate "2010.04.24"]

1. d4 Nf6 2. Nf3 d6 3. e3 Bg4 4. Be2 Nbd7 5. c4 c6 6. Nc3 e6 7. O-O Be7 8. b4
O-O 9. b5 Re8 10. a4 e5 11. Ba3 Rc8 12. Rc1 Bf8 13. Re1 e4 14. Nd2 Bxe2 15.
Qxe2 d5 16. Bxf8 Nxf8 17. c5 N8d7 18. bxc6 bxc6 19. Qa6 Rc7 20. Rb1 Nb8 21. Qa5
Qc8 22. Rb2 Rb7 23. Rxb7 Qxb7 24. Rb1 Qe7 25. Qb4 Nfd7 26. Qb7 a6 27. Na2 f5
28. Qc7 Rf8 29. Nb4 Qe6 30. Qd6 Qxd6 31. cxd6 Kf7 32. Rc1 Ke6 33. Nb3 Kxd6 34.
Na5 Rc8 35. Nb7+ Kc7 36. Na5 Kb6 37. Nb3 Rc7 38. a5+ Kb5 39. Nxd5 Rb7 40. Nc3+
Kc4 41. Ne2+ Kb4 42. Nd2 Rb5 43. Rb1+ Ka3 44. Nc4+ Ka2 45. Nc3# 1-0

[Event "XVI Festival Leonardo di Bona A"]
[Site "Cutro ITA"]
[Date "2010.04.30"]
[Round "7"]
[White "Fabiano, Giuseppe"]
[Black "Piasetski, Leon David"]
[Result "0-1"]
[WhiteElo "2221"]
[BlackElo "2280"]
[PlyCount "74"]
[EventDate "2010.04.24"]

1. e4 g6 2. c4 Bg7 3. d4 d6 4. Be2 Nc6 5. Nf3 e5 6. d5 Nce7 7. Nc3 f5 8. exf5
Nxf5 9. Ng5 Nf6 10. O-O O-O 11. Bd2 Qe7 12. Bd3 Nh5 13. Re1 Nd4 14. Re4 Bf5 15.
Ne2 Bxe4 16. Bxe4 Nf4 17. Bxf4 Nxe2+ 18. Qxe2 exf4 19. Ne6 Rf7 20. Bf3 Be5 21.
Qc2 Qf6 22. Rb1 a5 23. b3 b6 24. Bg4 Kh8 25. Rd1 Rg8 26. Rd3 h5 27. Rh3 Rh7 28.
Bf3 Bd4 29. Be4 Bc5 30. Rd3 Rf7 31. h3 g5 32. Rf3 g4 33. hxg4 hxg4 34. Rd3 g3
35. Kf1 Bxf2 36. Ke2 Qe5 37. Rd1 Rh7 0-1

[Event "XVI Festival Leonardo di Bona A"]
[Site "Cutro ITA"]
[Date "2010.04.30"]
[Round "7"]
[White "Levin, Felix"]
[Black "Petkov, Vladimir"]
[Result "1/2-1/2"]
[WhiteElo "2494"]
[BlackElo "2484"]
[PlyCount "87"]
[EventDate "2010.04.24"]

1. Nf3 d5 2. d4 Nf6 3. c4 e6 4. Nc3 dxc4 5. e3 a6 6. Bxc4 b5 7. Bb3 Bb7 8. O-O
Nbd7 9. e4 b4 10. e5 bxc3 11. exf6 cxb2 12. fxg7 Bxg7 13. Bxb2 O-O 14. Rb1 Be4
15. Bc2 Bg6 16. Bxg6 hxg6 17. d5 e5 18. Re1 Re8 19. Bc3 Rb8 20. Rc1 Rb5 21. Ba1
Nb6 22. Qc2 Qxd5 23. Qxc7 Qxa2 24. Bxe5 Bxe5 25. Nxe5 Rc8 26. Qd6 Rxc1 27. Rxc1
Rb1 28. Qd8+ Kg7 29. Qd1 Rxc1 30. Qxc1 Nd5 31. h4 Nf6 32. f3 a5 33. Qc3 Qb1+
34. Kf2 Qb6+ 35. Kf1 Nd5 36. Qa1 Qf6 37. g3 Ne3+ 38. Ke2 Nf5 39. g4 Nxh4 40.
Qxa5 Qe7 41. Kf2 f6 42. Nc4 Qb7 43. Nd2 Qb8 44. Nf1 1/2-1/2

[Event "XVI Festival Leonardo di Bona A"]
[Site "Cutro ITA"]
[Date "2010.04.30"]
[Round "7"]
[White "Marholev, Dimitar"]
[Black "Scalcione, Michelangelo"]
[Result "1-0"]
[WhiteElo "2423"]
[BlackElo "2378"]
[PlyCount "91"]
[EventDate "2010.04.24"]

1. e4 d6 2. d4 Nf6 3. Nc3 e5 4. Nf3 Nbd7 5. Bc4 Be7 6. O-O O-O 7. Re1 a6 8. a4
b6 9. h3 c6 10. Bg5 h6 11. Bxf6 Bxf6 12. d5 c5 13. Be2 g6 14. Nd2 Bg5 15. Nc4
Nf6 16. Qb1 Ra7 17. b4 Nh5 18. Bxh5 gxh5 19. bxc5 bxc5 20. Qd1 h4 21. Rb1 Rb7
22. Rxb7 Bxb7 23. Qd3 Bc8 24. Rb1 Kh8 25. Rb6 Be7 26. Qe3 Kh7 27. a5 Bg5 28.
Qf3 Be7 29. Qh5 f6 30. Ne3 Rg8 31. Nf5 Bf8 32. Qf7+ Kh8 33. Nxh4 Bg7 34. Ng6+
Kh7 35. Ne7 Rf8 36. Qg6+ Kh8 37. Nxc8 Qxc8 38. Nd1 f5 39. Qxd6 fxe4 40. Ne3 Qe8
41. Qg6 Qxg6 42. Rxg6 Rf6 43. Rxf6 Bxf6 44. Nc4 Kh7 45. Nd6 Kg6 46. c4 1-0

[Event "XVI Festival Leonardo di Bona A"]
[Site "Cutro ITA"]
[Date "2010.05.01"]
[Round "8"]
[White "Lalic, Bogdan"]
[Black "Barsov, Alexei"]
[Result "1/2-1/2"]
[WhiteElo "2493"]
[BlackElo "2489"]
[PlyCount "28"]
[EventDate "2010.04.24"]

1. c4 e6 2. Nc3 d5 3. d4 Be7 4. Nf3 Nf6 5. Bg5 h6 6. Bxf6 Bxf6 7. e3 O-O 8. Rc1
c6 9. Bd3 Nd7 10. O-O dxc4 11. Bxc4 e5 12. Bb3 exd4 13. exd4 Nb6 14. h3 Re8 1/2-1/2

[Event "XVI Festival Leonardo di Bona A"]
[Site "Cutro ITA"]
[Date "2010.05.01"]
[Round "8"]
[White "Neubauer, Kai"]
[Black "Lacrosse, Marc"]
[Result "0-1"]
[WhiteElo "2041"]
[BlackElo "2189"]
[PlyCount "29"]
[EventDate "2010.04.24"]

1. d4 d5 2. c4 e6 3. Nc3 Nf6 4. Nxd5 exd5 5. Bg5 c6 6. e3 Nbd7 7. Bd3 Be7 8.
Qc2 O-O 9. Ne2 Re8 10. g4 Nf8 11. h3 a5 12. O-O-O b5 13. Ng3 g6 14. Rdg1 c5 15.
Kb1 0-1

[Event "XVI Festival Leonardo di Bona A"]
[Site "Cutro ITA"]
[Date "2010.05.01"]
[Round "8"]
[White "Petkov, Vladimir"]
[Black "Naumkin, Igor"]
[Result "1/2-1/2"]
[WhiteElo "2484"]
[BlackElo "2496"]
[PlyCount "21"]
[EventDate "2010.04.24"]

1. Nf3 Nf6 2. c4 e6 3. Nc3 Bb4 4. d4 c5 5. g3 b6 6. Bg2 Bb7 7. d5 Bxc3+ 8. bxc3
exd5 9. Nh4 O-O 10. cxd5 d6 11. O-O 1/2-1/2

[Event "XVI Festival Leonardo di Bona A"]
[Site "Cutro ITA"]
[Date "2010.05.01"]
[Round "8"]
[White "Piasetski, Leon David"]
[Black "Marholev, Dimitar"]
[Result "0-1"]
[WhiteElo "2280"]
[BlackElo "2423"]
[PlyCount "64"]
[EventDate "2010.04.24"]

1. Nf3 Nf6 2. c4 g6 3. Nc3 Bg7 4. e4 d6 5. d4 O-O 6. Be2 a5 7. O-O Na6 8. e5
Nd7 9. exd6 cxd6 10. Be3 e5 11. Qd2 Re8 12. dxe5 dxe5 13. Rfd1 Nb4 14. c5 Nc6
15. Bc4 Nf8 16. Qxd8 Nxd8 17. Nd5 Nfe6 18. Nb6 Rb8 19. Nd2 Nc7 20. Nxc8 Rxc8
21. Ne4 Rf8 22. Rd7 Nce6 23. Nd6 Nxc5 24. Re7 Rc6 25. Ne8 Nce6 26. Rc1 e4 27.
Nxg7 Kxg7 28. Bd5 Rxc1+ 29. Bxc1 Nc6 30. Bxc6 bxc6 31. Bd2 Rd8 32. Bc3+ Kf8 0-1

[Event "XVI Festival Leonardo di Bona A"]
[Site "Cutro ITA"]
[Date "2010.05.01"]
[Round "8"]
[White "Rotstein, Arkadij"]
[Black "Levin, Felix"]
[Result "1/2-1/2"]
[WhiteElo "2552"]
[BlackElo "2494"]
[PlyCount "34"]
[EventDate "2010.04.24"]

1. d4 Nf6 2. c4 e6 3. Nc3 d5 4. Bg5 Be7 5. e3 O-O 6. Nf3 h6 7. Bh4 Ne4 8. Bxe7
Qxe7 9. Qc2 Nxc3 10. Qxc3 c6 11. Be2 Nd7 12. O-O dxc4 13. Qxc4 e5 14. dxe5 Nxe5
15. Qc3 Nxf3+ 16. Bxf3 Be6 17. Rfd1 Rfd8 1/2-1/2

[Event "XVI Festival Leonardo di Bona A"]
[Site "Cutro ITA"]
[Date "2010.05.01"]
[Round "8"]
[White "Scalcione, Michelangelo"]
[Black "Mrdja, Milan"]
[Result "0-1"]
[WhiteElo "2378"]
[BlackElo "2376"]
[PlyCount "120"]
[EventDate "2010.04.24"]

1. Nf3 Nf6 2. c4 c6 3. Nc3 d5 4. d4 e6 5. Bg5 Nbd7 6. e3 Be7 7. Qc2 O-O 8.
O-O-O h6 9. Bf4 Re8 10. g4 dxc4 11. Bxc4 Nd5 12. Bxd5 exd5 13. Nxd5 Nb6 14.
Nxe7+ Qxe7 15. Rhg1 Nd5 16. g5 h5 17. Be5 Bg4 18. Qe4 Qe6 19. Nh4 Bxd1 20. Kxd1
g6 21. f4 Rad8 22. Ke1 Ne7 23. f5 Nxf5 24. Nxf5 gxf5 25. Qf4 Rd5 26. g6 Rxe5
27. gxf7+ Kxf7 28. dxe5 Qxe5 29. Qxe5 Rxe5 30. Kd2 Kf6 31. Rg8 Re7 32. Rh8 Kg5
33. Rg8+ Kh4 34. Rf8 Kg4 35. Rg8+ Kh3 36. Rg5 h4 37. Rxf5 Kxh2 38. Rg5 h3 39.
Ke2 Re4 40. Kd3 Rb4 41. b3 a5 42. Rg7 a4 43. Kc3 axb3 44. axb3 c5 45. Rg5 b6
46. Rg8 Kh1 47. Rg6 Kh2 48. Rg5 Re4 49. Kd3 Re6 50. e4 Rd6+ 51. Kc2 Rf6 52. e5
Rf2+ 53. Kd3 Rg2 54. Rh5 Rg3+ 55. Ke2 Kg2 56. e6 Rg6 57. Re5 h2 58. e7 h1=Q 59.
e8=Q Qf1+ 60. Kd2 Rd6+ 0-1

[Event "XVI Festival Leonardo di Bona A"]
[Site "Cutro ITA"]
[Date "2010.05.01"]
[Round "8"]
[White "Scerbo, Antonio"]
[Black "Fabiano, Giuseppe"]
[Result "1-0"]
[WhiteElo "2090"]
[BlackElo "2221"]
[PlyCount "77"]
[EventDate "2010.04.24"]

1. d4 Nf6 2. c4 e6 3. Nf3 b6 4. Nc3 Bb4 5. Bg5 Bxc3+ 6. bxc3 Bb7 7. e3 h6 8.
Bh4 d6 9. Bd3 Nbd7 10. Qc2 Qe7 11. O-O g5 12. Bg3 e5 13. e4 c5 14. Rfe1 Nh5 15.
a4 Nxg3 16. hxg3 a5 17. Rab1 h5 18. Qd2 f6 19. d5 Ba6 20. Kf1 Qh7 21. Qe3 h4
22. gxh4 g4 23. Ng1 Qxh4 24. Ke2 O-O-O 25. Kd2 Kc7 26. Ne2 f5 27. exf5 e4 28.
Nf4 exd3 29. Ne6+ Kc8 30. Nxd8 Rxd8 31. g3 Qf6 32. Qe6 Qxe6 33. fxe6 Ne5 34.
Rxe5 dxe5 35. Rxb6 Bxc4 36. Rc6+ Kb7 37. Rxc5 Ba6 38. e7 Re8 39. d6 1-0

[Event "XVI Festival Leonardo di Bona A"]
[Site "Cutro ITA"]
[Date "2010.05.01"]
[Round "8"]
[White "Van Hoolandt, Patrick"]
[Black "Vuelban, Virgilio"]
[Result "0-1"]
[WhiteElo "2201"]
[BlackElo "2346"]
[PlyCount "45"]
[EventDate "2010.04.24"]

1. d4 Nf6 2. c4 e6 3. Nf3 b6 4. Nc3 Bb4 5. Bg5 Bb7 6. e3 h6 7. Bh4 g5 8. Bg3
Ne4 9. Qc2 Nxc3 10. bxc3 d6 11. Bd3 f5 12. d5 Nd7 13. Be4 fxe4 14. Qxe4 Qf6 15.
O-O O-O-O 16. Qxe6 Qxe6 17. dxe6 Nc5 18. Nd4 Rde8 19. Rab1 Be4 20. Rxb4 Nxe6
21. Rb2 Bd3 22. Rd1 Bxc4 23. f3 0-1

[Event "XVI Festival Leonardo di Bona A"]
[Site "Cutro ITA"]
[Date "2010.05.01"]
[Round "8"]
[White "Videnova, Iva"]
[Black "Blasco, Domenico"]
[Result "1-0"]
[WhiteElo "2258"]
[BlackElo "1961"]
[PlyCount "77"]
[EventDate "2010.04.24"]

1. c4 g6 2. g3 Bg7 3. Bg2 c5 4. Nc3 Nc6 5. d3 e6 6. e4 Nge7 7. Nge2 O-O 8. O-O
d6 9. Rb1 Nd4 10. a3 Nec6 11. b4 Nxe2+ 12. Nxe2 Nd4 13. f4 f5 14. bxc5 Nxe2+
15. Qxe2 Bd4+ 16. Be3 dxc5 17. exf5 exf5 18. Bd5+ Kh8 19. Bxd4+ cxd4 20. Qe5+
Qf6 21. Qxf6+ Rxf6 22. Rfe1 Rf8 23. Bxb7 Bxb7 24. Rxb7 Rfc8 25. Re8+ Rxe8 26.
Rd7 Re1+ 27. Kf2 Ra1 28. Rxa7 Ra2+ 29. Ke1 Rxh2 30. Rd7 Rg2 31. Rxd4 Rxg3 32.
c5 Re3+ 33. Kf2 Rae8 34. c6 Rc8 35. Rd6 Kg7 36. Rd7+ Kf6 37. d4 h6 38. c7 g5
39. d5 1-0

[Event "XVI Festival Leonardo di Bona A"]
[Site "Cutro ITA"]
[Date "2010.05.02"]
[Round "9"]
[White "Blasco, Domenico"]
[Black "Fabiano, Giuseppe"]
[Result "1-0"]
[WhiteElo "1961"]
[BlackElo "2221"]
[PlyCount "51"]
[EventDate "2010.04.24"]

1. d4 Nf6 2. Nf3 g6 3. e3 Bg7 4. Be2 O-O 5. c4 d6 6. Nc3 Nbd7 7. O-O e5 8. b4
Re8 9. Qc2 e4 10. Nd2 Qe7 11. Ba3 Nf8 12. Rfc1 h5 13. Nd5 Qd8 14. Nxf6+ Bxf6
15. Nxe4 Rxe4 16. Qxe4 Bf5 17. Qxb7 Rb8 18. Qa6 c5 19. bxc5 dxc5 20. Bxc5 Ne6
21. Qd6 Qc8 22. Bf3 Kg7 23. Bxa7 Rb2 24. Qa3 Rd2 25. Qb4 Rd3 26. Be2 1-0

[Event "XVI Festival Leonardo di Bona A"]
[Site "Cutro ITA"]
[Date "2010.05.02"]
[Round "9"]
[White "Lacrosse, Marc"]
[Black "Scalcione, Michelangelo"]
[Result "1/2-1/2"]
[WhiteElo "2189"]
[BlackElo "2378"]
[PlyCount "36"]
[EventDate "2010.04.24"]

1. d4 d5 2. c4 e5 3. Nc3 exd4 4. Qxd4 Nc6 5. Qd2 Nf6 6. b3 Be7 7. Bb2 O-O 8. e4
Re8 9. f3 Bf8 10. Rd1 a5 11. Nge2 Nd7 12. g3 Nc5 13. Bg2 f5 14. O-O fxe4 15.
Nxe4 Nxe4 16. fxe4 Bg4 17. Rf4 Be6 18. Nd4 Bd7 1/2-1/2

[Event "XVI Festival Leonardo di Bona A"]
[Site "Cutro ITA"]
[Date "2010.05.02"]
[Round "9"]
[White "Marholev, Dimitar"]
[Black "Rotstein, Arkadij"]
[Result "1/2-1/2"]
[WhiteElo "2423"]
[BlackElo "2552"]
[PlyCount "89"]
[EventDate "2010.04.24"]

1. d4 Nf6 2. Nf3 e6 3. g3 c5 4. Bg2 cxd4 5. Nxd4 a6 6. O-O Be7 7. c4 O-O 8. Nc3
Qc7 9. Qd3 d6 10. b3 Bd7 11. Bb2 Nc6 12. Rac1 Nxd4 13. Qxd4 Rfd8 14. Rfd1 Rac8
15. h3 Qb8 16. Ba3 Bc6 17. Bxc6 Rxc6 18. Bb4 Rdc8 19. a4 Qc7 20. Na2 Nd7 21.
Rb1 Nc5 22. Be1 Bf6 23. Qe3 Qe7 24. Nb4 R6c7 25. a5 h5 26. h4 g6 27. Nd3 Nd7
28. Bb4 Rc6 29. Be1 Qf8 30. Qf3 Bg7 31. Nb4 R8c7 32. Qd3 Be5 33. f4 Nc5 34. Qd2
Bf6 35. Qxd6 Be7 36. Qe5 Nd7 37. Qc3 Bc5+ 38. Kg2 Bxb4 39. Qxb4 Nc5 40. Bf2 Qe8
41. Bxc5 Rxc5 42. Qxb7 e5 43. f5 gxf5 44. Qf3 Qe6 45. Qxh5 1/2-1/2

[Event "XVI Festival Leonardo di Bona A"]
[Site "Cutro ITA"]
[Date "2010.05.02"]
[Round "9"]
[White "Naumkin, Igor"]
[Black "Mrdja, Milan"]
[Result "1/2-1/2"]
[WhiteElo "2496"]
[BlackElo "2376"]
[PlyCount "38"]
[EventDate "2010.04.24"]

1. d4 Nf6 2. Nf3 g6 3. c4 Bg7 4. Nc3 d5 5. cxd5 Nxd5 6. Bd2 O-O 7. Rc1 c6 8. e3
Nb6 9. Be2 N8d7 10. Ne4 Nf6 11. Ng3 Bg4 12. O-O Qd5 13. b3 Rad8 14. h3 Bxf3 15.
Bxf3 Qd7 16. Qc2 e6 17. Rfd1 Rfe8 18. a4 Nc8 19. Ba5 Nb6 1/2-1/2

[Event "XVI Festival Leonardo di Bona A"]
[Site "Cutro ITA"]
[Date "2010.05.02"]
[Round "9"]
[White "Neubauer, Kai"]
[Black "Cordi', Domenico"]
[Result "1-0"]
[WhiteElo "2041"]
[BlackElo "2055"]
[PlyCount "82"]
[EventDate "2010.04.24"]

1. d4 Nf6 2. c4 g6 3. Nc3 Bg7 4. e4 d6 5. Nf3 O-O 6. Be2 e5 7. Be3 Nc6 8. d5
Ne7 9. h3 Ne8 10. g4 f5 11. Rg1 Kh8 12. Qc1 Ng8 13. Qc2 Bh6 14. g5 Bg7 15. h4
Ne7 16. O-O-O fxe4 17. Nxe4 Nf5 18. Rh1 Qe7 19. h5 Kg8 20. hxg6 hxg6 21. Nh4
Nxh4 22. Rxh4 Bf5 23. Qd2 a5 24. Ng3 a4 25. a3 c5 26. Nxf5 gxf5 27. f4 exf4 28.
Bxf4 Ra6 29. Rdh1 Rb6 30. Rh7 Qe4 31. Bd3 Bxb2+ 32. Qxb2 Qxf4+ 33. Qd2 Qd4 34.
Rh8+ Qxh8 35. Rxh8+ Kxh8 36. Qh2+ Kg8 37. g6 Kg7 38. Qh7+ Kf6 39. Qh6 Ng7 40.
Bxf5 Rb3 41. Bc2 Rf3 1-0

[Event "XVI Festival Leonardo di Bona A"]
[Site "Cutro ITA"]
[Date "2010.05.02"]
[Round "9"]
[White "Petkov, Vladimir"]
[Black "Scerbo, Antonio"]
[Result "1-0"]
[WhiteElo "2484"]
[BlackElo "2090"]
[PlyCount "42"]
[EventDate "2010.04.24"]

1. Nf3 Nf6 2. c4 g6 3. Nc3 Bg7 4. e4 d6 5. d4 O-O 6. Be2 e5 7. Be3 exd4 8. Qxd4
Re8 9. g3 Nbd7 10. O-O a5 11. Nd5 Nf8 12. Qd2 Bd7 13. Rfd1 Ne6 14. Bf1 b6 15.
Rab1 h5 16. b3 h4 17. a3 Nh5 18. b4 axb4 19. axb4 Be5 20. c5 bxc5 21. bxc5 dxc5
1-0

[Event "XVI Festival Leonardo di Bona A"]
[Site "Cutro ITA"]
[Date "2010.05.02"]
[Round "9"]
[White "Videnova, Iva"]
[Black "Luvera', Filippo"]
[Result "1-0"]
[WhiteElo "2258"]
[BlackElo "1977"]
[PlyCount "79"]
[EventDate "2010.04.24"]

1. e4 c5 2. Nf3 Nc6 3. d4 cxd4 4. Nxd4 Nf6 5. Nc3 d6 6. Bg5 e6 7. Qd2 a6 8.
O-O-O Qc7 9. f3 Be7 10. h4 h6 11. Be3 Bd7 12. Kb1 Rc8 13. g4 Nxd4 14. Qxd4 Bc6
15. Rh2 b5 16. Qd2 b4 17. Ne2 d5 18. e5 Nd7 19. f4 Nc5 20. Qxb4 Rb8 21. Qe1 Na4
22. b3 Bb5 23. Bd4 Bxe2 24. Qxe2 O-O 25. g5 Ba3 26. Rh3 Rfc8 27. gxh6 Bb4 28.
hxg7 Nc3+ 29. Bxc3 Bxc3 30. Qh5 f5 31. Qh8+ Kf7 32. g8=Q+ Rxg8 33. Qf6+ Ke8 34.
Qxe6+ Kf8 35. Qxf5+ Ke8 36. Qe6+ Kf8 37. Qxd5 Rg1 38. Rxc3 Rb5 39. Rxc7 Rxd5
40. Rd7 1-0

[Event "XVI Festival Leonardo di Bona A"]
[Site "Cutro ITA"]
[Date "2010.05.02"]
[Round "9"]
[White "Vuelban, Virgilio"]
[Black "Barsov, Alexei"]
[Result "0-1"]
[WhiteElo "2346"]
[BlackElo "2489"]
[PlyCount "86"]
[EventDate "2010.04.24"]

1. e4 e6 2. d4 d5 3. exd5 exd5 4. Nf3 Nf6 5. Bd3 c5 6. O-O c4 7. Be2 Be7 8. b3
cxb3 9. Bb5+ Bd7 10. Bxd7+ Nbxd7 11. axb3 O-O 12. Ba3 Re8 13. Qd3 a6 14. c4
dxc4 15. bxc4 Nc5 16. Bxc5 Bxc5 17. Nc3 Rc8 18. Rfd1 Bb4 19. Na2 Ba5 20. Nc1
Ne4 21. Nb3 Bb4 22. Rdc1 a5 23. Nbd2 Nc5 24. Qc2 Bxd2 25. Rd1 Bb4 26. dxc5 Qe7
27. Nd4 Qxc5 28. Nb3 Qe5 29. g3 b6 30. Ra2 g6 31. Rd4 b5 32. Qd3 Qe1+ 33. Kg2
a4 34. Nd2 Bxd2 35. Rxd2 Rxc4 36. Rxc4 bxc4 37. Qc3 a3 38. Qc2 c3 39. Rd1 Re2
40. Rxe1 Rxc2 41. Re8+ Kg7 42. Ra8 a2 43. Kf3 Rb2 0-1

[Event "VI Open Natale Vomero"]
[Site "Napoli ITA"]
[Date "2010.11.05"]
[Round "1"]
[White "Bevilacqua, Michele"]
[Black "Borrelli, Salvatore"]
[Result "0-1"]
[WhiteElo "1773"]
[BlackElo "1965"]
[PlyCount "102"]
[EventDate "2010.11.05"]

1. e4 e5 2. d4 exd4 3. c3 d5 4. e5 c5 5. Nf3 Nc6 6. Bb5 a6 7. Bxc6+ bxc6 8. Qa4
Bd7 9. cxd4 cxd4 10. Qxd4 Nh6 11. Bxh6 gxh6 12. e6 Rg8 13. exd7+ Qxd7 14. Qe3+
Kd8 15. Qb6+ Kc8 16. Ne5 Qc7 17. Qxc7+ Kxc7 18. O-O f6 19. Nd3 Bd6 20. Nc3 Rg5
21. Na4 Rag8 22. g3 d4 23. Nac5 Bxc5 24. Nxc5 Rxc5 25. Rfe1 Re5 26. f4 Rxe1+
27. Rxe1 Kd6 28. Rd1 Kd5 29. Kf2 Re8 30. b3 Re3 31. Rc1 c5 32. Rc2 a5 33. h3
Re4 34. Rd2 h5 35. h4 Re3 36. Rc2 a4 37. Rb2 axb3 38. axb3 Rc3 39. b4 d3 40.
Ke3 Rc2 41. Rb3 c4 42. Rb1 Re2+ 43. Kf3 Re6 44. b5 Kc5 45. g4 d2 46. g5 Re1 47.
Rd1 Rxd1 48. Ke2 Rf1 49. Kxd2 Rxf4 50. Ke3 fxg5 51. hxg5 Rd4 0-1

[Event "VI Open Natale Vomero"]
[Site "Napoli ITA"]
[Date "2010.11.05"]
[Round "1"]
[White "Caiazzo, Diego"]
[Black "Roviello, Francesco"]
[Result "1-0"]
[WhiteElo "1870"]
[BlackElo "1614"]
[PlyCount "77"]
[EventDate "2010.11.05"]

1. b3 e6 2. Bb2 Nf6 3. e3 Be7 4. Nf3 d5 5. Be2 O-O 6. O-O Nbd7 7. d4 c5 8. c4
b6 9. Nc3 Bb7 10. Rc1 Rc8 11. cxd5 Nxd5 12. dxc5 Nxc3 13. Bxc3 Bf6 14. Bxf6
Nxf6 15. Qxd8 Rfxd8 16. cxb6 axb6 17. Rfd1 h6 18. Rxd8+ Rxd8 19. h3 Bd5 20. Ne5
Ra8 21. Rc2 Be4 22. Rd2 Bb1 23. a4 Be4 24. Bf3 Bxf3 25. Nxf3 Rc8 26. Rd6 Rc1+
27. Kh2 Ne4 28. Rxb6 Nxf2 29. a5 Rh1+ 30. Kg3 Ne4+ 31. Kf4 f5 32. Rxe6 Nc5 33.
Rb6 Ra1 34. b4 Ra4 35. Ne5 g5+ 36. Kxf5 Nb3 37. Kg6 Kf8 38. Kf6 Ke8 39. Rb8#
1-0

[Event "VI Open Natale Vomero"]
[Site "Napoli ITA"]
[Date "2010.11.05"]
[Round "1"]
[White "Cangiano, Federico"]
[Black "Gallina, Giacomo"]
[Result "1-0"]
[WhiteElo "1955"]
[BlackElo "1704"]
[PlyCount "61"]
[EventDate "2010.11.05"]

1. d4 Nf6 2. Nf3 c6 3. e3 d5 4. Bd3 Bg4 5. Nbd2 e6 6. c3 Nbd7 7. Qc2 Qc7 8. b3
Be7 9. Bb2 Bh5 10. c4 Bxf3 11. Nxf3 Bd6 12. c5 Be7 13. b4 b6 14. O-O O-O 15. a4
Rac8 16. h3 Rfe8 17. Rfc1 Nf8 18. Ne5 bxc5 19. bxc5 N6d7 20. Nf3 f5 21. Qd2 Ng6
22. Bc3 Nf6 23. Rcb1 Ne4 24. Bxe4 fxe4 25. Nh2 Bh4 26. Ra2 Rf8 27. g3 Bxg3 28.
fxg3 Qxg3+ 29. Kh1 Rf2 30. Qxf2 Qxf2 31. Rxf2 1-0

[Event "VI Open Natale Vomero"]
[Site "Napoli ITA"]
[Date "2010.11.05"]
[Round "1"]
[White "Cosenza, Gianni"]
[Black "Lerro, Luca"]
[Result "1-0"]
[WhiteElo "1940"]
[BlackElo "1688"]
[PlyCount "51"]
[EventDate "2010.11.05"]

1. e4 e5 2. Nf3 Nc6 3. Bb5 a6 4. Ba4 Nf6 5. d3 b5 6. Bb3 Bc5 7. O-O O-O 8. c3
d5 9. Qe2 dxe4 10. dxe4 Bb7 11. Bg5 h6 12. Bh4 g5 13. Bg3 Qe7 14. Nbd2 Na5 15.
Bc2 Nd7 16. b4 Bb6 17. bxa5 Bxa5 18. c4 Bxd2 19. Nxd2 bxc4 20. Rfe1 a5 21. Qh5
Ra6 22. h4 gxh4 23. Bxh4 Qe6 24. Re3 f5 25. exf5 Rxf5 26. Bxf5 1-0

[Event "VI Open Natale Vomero"]
[Site "Napoli ITA"]
[Date "2010.11.05"]
[Round "1"]
[White "De Rosa, Francesco"]
[Black "Taurisano, Vincenzo"]
[Result "0-1"]
[WhiteElo "1980"]
[BlackElo "1781"]
[PlyCount "120"]
[EventDate "2010.11.05"]

1. e4 c5 2. Nf3 d6 3. d4 cxd4 4. Nxd4 Nf6 5. Nc3 g6 6. Be3 Bg7 7. f3 O-O 8. Qd2
Nc6 9. Bc4 a5 10. a3 a4 11. O-O-O Qa5 12. Kb1 Bd7 13. g4 Nxd4 14. Bxd4 Bc6 15.
Qe3 b5 16. Be2 Rfb8 17. Na2 Nd7 18. Bxg7 Kxg7 19. Nb4 Bb7 20. g5 Rc8 21. h4 Rc5
22. h5 Re5 23. hxg6 fxg6 24. f4 Rxe4 25. Rxh7+ Kxh7 26. Qh3+ Kg7 27. Qh6+ Kf7
28. Qh7+ Ke8 29. Qxg6+ Kd8 30. Bf3 Rxb4 31. Bxb7 Rb8 32. axb4 Qxb4 33. Qe4 Qxe4
34. Bxe4 Nc5 35. Bh7 Ne6 36. g6 Kd7 37. c3 Ng7 38. Rd4 Rf8 39. Kc2 e6 40. Kd3
d5 41. Ke3 Kd6 42. Rd1 Rf5 43. Bg8 Rh5 44. Rd2 Rh3+ 45. Ke2 Rh2+ 46. Kd3 Rxd2+
47. Kxd2 Ke7 48. Kd3 Nf5 49. Bf7 Nd6 50. Kd4 Nc4 51. f5 exf5 52. Bxd5 Kf6 53.
Bxc4 bxc4 54. g7 Kxg7 55. Kxc4 Kf6 56. Kd4 Ke6 57. Kd3 Kd5 58. Ke3 Kc4 59. Kf4
Kb3 60. Kxf5 Kxb2 0-1

[Event "VI Open Natale Vomero"]
[Site "Napoli ITA"]
[Date "2010.11.05"]
[Round "1"]
[White "Di Gennaro, Antonio"]
[Black "Capozzoli, Silvio"]
[Result "0-1"]
[WhiteElo "1673"]
[BlackElo "1918"]
[PlyCount "65"]
[EventDate "2010.11.05"]

1. e4 c5 2. Nf3 Nc6 3. d4 cxd4 4. Nxd4 g6 5. c4 Bg7 6. Be3 Nf6 7. Nc3 O-O 8.
Be2 d6 9. O-O a6 10. f3 Bd7 11. Rc1 Rc8 12. Qd2 Qa5 13. Nxc6 bxc6 14. a3 c5 15.
Nd5 Qd8 16. Bd1 Nxd5 17. exd5 Rb8 18. Rb1 a5 19. b3 Re8 20. Re1 Qc7 21. Bf2 a4
22. b4 cxb4 23. axb4 Qxc4 24. Re4 Qc3 25. Qxc3 Bxc3 26. Rc4 Bf5 27. Bxa4 Bxb1
28. Bxe8 Bxb4 29. Bc6 Bd3 30. Rd4 Bc5 31. g3 Rb1+ 32. Kg2 Bf1+ 33. Kg1 0-1

[Event "VI Open Natale Vomero"]
[Site "Napoli ITA"]
[Date "2010.11.05"]
[Round "1"]
[White "Ficco, Corrado"]
[Black "Vannini, Aldo"]
[Result "0-1"]
[WhiteElo "2136"]
[BlackElo "1802"]
[PlyCount "76"]
[EventDate "2010.11.05"]

1. e4 e6 2. d4 d5 3. Nc3 Bb4 4. e5 Ne7 5. Nf3 c5 6. a3 Bxc3+ 7. bxc3 Nbc6 8. a4
cxd4 9. cxd4 Qc7 10. Be2 Nb4 11. O-O Qxc2 12. Bb5+ Bd7 13. Bxd7+ Kxd7 14. Qe1
a5 15. Bd2 Nec6 16. Qe3 Qf5 17. Qc3 Qc2 18. Qe3 Qd3 19. Qf4 Rhf8 20. Rfc1 h6
21. Bxb4 axb4 22. Rd1 Rxa4 23. h3 Rxa1 24. Rxa1 g5 25. Qc1 Qc3 26. Qd1 b3 27.
Rb1 Qc2 28. Kf1 Qxd1+ 29. Rxd1 Rc8 30. Rb1 Na5 31. Nd2 Rc3 32. Ke2 Kc6 33. Rb2
Kb5 34. Nb1 Kb4 35. Nxc3 Kxc3 36. Rb1 Kc2 37. Ra1 b6 38. Rd1 Nc4 0-1